Appendix to the catalogue of books, belonging to the incorporated Charlestown Library Society : [One line in Greek].

Bibliographic Details
Corporate Author: Charleston Library Society (Charleston, S.C.)
Format: eBook
Language:English
Series:Early American imprints. Evans (1639-1800) ; no. 42327.
Subjects:
Online Access:Evans Digital Edition

MARC

Tag First Indicator Second Indicator Subfields
LEADER 00000cam a22000001a 4500
001 in00002159366
006 m e d #
007 cr mn mmmmabba
008 850422s1772 scu sc 000 0 eng d
005 20260330214741.3
035 |z w009520 
035 |a MAAR8504232503B 
035 |9 mwa91-31835 
035 |a 315672 
035 |a aas03009520 
040 |a MWA  |c MWA  |e bdrb  |d UtOrBLW 
110 2 |a Charleston Library Society (Charleston, S.C.) 
245 1 0 |a Appendix to the catalogue of books, belonging to the incorporated Charlestown Library Society :  |b [One line in Greek]. 
264 3 |a Charlestown [S.C.] :  |b Printed for the Society, by Robert Wells,  |c MDCCLXXII. [1772] 
300 |a 11 pages, 1 unnumbered page ;  |c 23 cm. (quarto) 
336 |a text  |b txt  |2 rdacontent 
337 |a computer  |b c  |2 rdamedia 
338 |a online resource  |b cr  |2 rdacarrier 
510 4 |a Bristol  |c B3436 
510 4 |a Shipton & Mooney  |c 42327 
510 4 |a Gould & Morgan. South Carolina,  |c 357 
510 4 |a Winans, R.B. Book cats.,  |c 77 
530 |a Microform version available in the Readex Early American Imprints series. 
533 |a Electronic text and image data.  |b [Chester, Vt. :  |c Readex, a division of Newsbank, Inc.,  |d 2002-2004.  |e Includes files in TIFF, GIF and PDF formats with inclusion of keyword searchable text.  |f (Early American imprints. First series ; no. 42327). 
500 |a Electronic resource. 
650 0 |a Proprietary libraries  |z South Carolina  |z Charleston. 
651 0 |a Charleston (S.C.)  |x Library resources. 
655 7 |a Library catalogues  |z South Carolina  |z Charleston.  |2 rbgenr 
752 |a United States  |b South Carolina  |d Charleston. 
830 0 |a Early American imprints.  |n Series I,  |p Evans (1639-1800) ;  |v no. 42327. 
856 4 1 |u http://proxy.library.tamu.edu/login?url=https://opac.newsbank.com/select/evans/42327  |y Evans Digital Edition  |t 0 
999 |a MARS 
999 f f |s fc8274e4-0320-36ec-a54b-75ad4cc55e2e  |i 32501de8-35d4-35e8-9811-275598d27bdc  |t 0 
952 f f |a Texas A&M University  |b College Station  |c Electronic Resources  |s www_evans  |d Available Online  |t 0  |h No information provided 
998 f f |t 0  |l Available Online